Model solutions to railway recruitment board exm (Record no. 8311)

MARC details
000 -LEADER
fixed length control field 00487cam a2200193ua 4500
001 - CONTROL NUMBER
control field 9249
005 - DATE AND TIME OF LATEST TRANSACTION
control field 20260515114439.0
008 - FIXED-LENGTH DATA ELEMENTS--GENERAL INFORMATION
fixed length control field 150224n ii |||gr||||Z||||||eng
040 ## - CATALOGING SOURCE
Transcribing agency MAIN
041 ## - LANGUAGE CODE
Language code of text/sound track or separate title eng
082 ## - DEWEY DECIMAL CLASSIFICATION NUMBER
Classification number 050
100 ## - MAIN ENTRY--PERSONAL NAME
Personal name Malhotra, A. M.,
Relator term Author.
245 1# - TITLE STATEMENT
Title Model solutions to railway recruitment board exm
Statement of responsibility, etc. By A. M. Malhotra
250 ## - EDITION STATEMENT
Edition statement 14th rev.
260 ## - PUBLICATION, DISTRIBUTION, ETC.
Place of publication, distribution, etc. Delhi:
Name of publisher, distributor, etc. Bright,
Date of publication, distribution, etc. 2006.
300 ## - PHYSICAL DESCRIPTION
Extent 132p.
653 ## - INDEX TERM--UNCONTROLLED
Uncontrolled term General serial publications
942 ## - ADDED ENTRY ELEMENTS (KOHA)
Koha item type Books
Holdings
Withdrawn status Lost status Damaged status Not for loan Home library Current library Shelving location Date acquired Total checkouts Full call number Barcode Date last seen Date last checked out Copy number Price effective from Koha item type
        Naharkatiya College Library Naharkatiya College Library General stacks 09/19/2020 3 050 | MAL 16291 04/11/2026 04/04/2026 1 09/19/2020 Books